Elementos de antropología pedagógica

Saved in:
Bibliografiske detaljer
Hovedforfatter: Barrio Maestre, José María (Author)
Format: Bog
Sprog:spansk
Udgivet: Madrid Rialp 1998
Fag:
Tags: Tilføj Tag
Ingen Tags, Vær først til at tagge denne postø!

MARC

LEADER 00000nam a2200000 a 4500
001 UCQ6693
003 CL-VaPUC
008 981023e19980000SP |||||||||||||||||spa|d
082 0 4 |a 370.1  |b BAR  |2 21 
100 0 |a Barrio Maestre, José María  |e author  |9 420567 
245 1 0 |a Elementos de antropología pedagógica 
300 |a 271 p 
942 |c BK 
945 |d 19981023 00:00:00  |a aarredon 
260 |a Madrid  |b Rialp  |c 1998 
650 0 |a Educación  |9 258661 
650 0 |a Pedagogía  |9 255351 
650 0 |a Antropología   |9 233030 
650 0 |a Filosofía de la educación   |9 258384 
650 7 |a PROCESO EDUCATIVO  |2 CL-VaPUC  |9 386797 
650 0 |a Antropología filosófica  |9 265842 
583 |a last modification  |c 19981023 00:00:00  |k Rodrigo Vera 
999 |c 276632  |d 276630 
952 |0 0  |1 0  |4 0  |6 370_100000000000000_BAR_1998  |7 0  |8 A  |9 313964  |a BIBEDU  |b BIBEDU  |d 2019-11-20  |i 3473104  |o 370.1 BAR 1998  |p 3473104  |r 2019-11-20  |w 2019-11-20  |y BK  |k EPE